[Event "Speed Chess Super Swiss"]
[Site "chess.com INT"]
[Date "2021.10.16"]
[Round "3"]
[White "Hansen, Eric"]
[Black "Zubov, Alexander"]
[Result "1-0"]
[WhiteElo "2606"]
[BlackElo "2598"]
[PlyCount "121"]
[GameId "2130307582237534"]
[EventDate "2021.10.16"]
[EventType "swiss (blitz)"]
[EventRounds "15"]
[EventCountry "NET"]
[SourceTitle "The Week in Chess 1406"]
[Source "Mark Crowther"]
[SourceDate "2021.10.18"]
[SourceVersion "2"]
[SourceVersionDate "2021.10.19"]
[SourceQuality "2"]

1. Nf3 Nf6 2. g3 d5 3. Bg2 c6 4. O-O Bg4 5. h3 Bh5 6. d3 e6 7. c4 Nbd7 8. Qb3 Nc5 9. Qc2 Be7 10. Be3 Rc8 11. Nbd2 O-O 12. Rfe1 a5 13. Rac1 Re8 14. b3 Ncd7 15. Qb2 Bd6 16. cxd5 exd5 17. Nf1 Qe7 18. Qc2 c5 19. Nh4 Qe6 20. Bd2 b6 21. e4 dxe4 22. dxe4 Be5 23. f4 Bd4+ 24. Kh2 Bf2 25. e5 Bxe1 26. Rxe1 Nd5 27. f5 Qc6 28. Qc4 Nxe5 29. Qxd5 Qxd5 30. Bxd5 Rcd8 31. Bg2 f6 32. g4 Bf7 33. Bc3 Nd3 34. Rxe8+ Rxe8 35. Nd2 Re2 36. Kg1 Re1+ 37. Bf1 Rc1 38. Ne4 Nf4 39. Bd2 Nxh3+ 40. Kg2 Ra1 41. Bc3 Rxa2+ 42. Kxh3 Bxb3 43. g5 Bd5 44. gxf6 Ra3 45. Kg4 Ra4 46. fxg7 Rxe4+ 47. Kg5 Re3 48. Bb2 Rg3+ 49. Kf6 Rg4 50. Ng2 Bxg2 51. Bb5 Rb4 52. Bd7 Bd5 53. Be5 Rg4 54. Ke7 Re4 55. Kf6 c4 56. Be6+ Bxe6 57. fxe6 Re1 58. e7 Rf1+ 59. Ke6 Rf7 60. e8=Q+ Rf8 61. Qxf8# 1-0

[Event "Speed Chess Super Swiss"]
[Site "chess.com INT"]
[Date "2021.10.16"]
[Round "4"]
[White "Yakubboev, Nodirbek"]
[Black "Hansen, Eric"]
[Result "1-0"]
[WhiteElo "2621"]
[BlackElo "2606"]
[PlyCount "69"]
[GameId "2130307582237571"]
[EventDate "2021.10.16"]
[EventType "swiss (blitz)"]
[EventRounds "15"]
[EventCountry "NET"]
[SourceTitle "The Week in Chess 1406"]
[Source "Mark Crowther"]
[SourceDate "2021.10.18"]
[SourceVersion "2"]
[SourceVersionDate "2021.10.19"]
[SourceQuality "2"]

1. Nf3 d5 2. h3 c6 3. d3 Nd7 4. e4 dxe4 5. dxe4 e5 6. Be3 Ngf6 7. Nbd2 Bc5 8. Qe2 Bxe3 9. Qxe3 Qe7 10. Nb3 a5 11. a4 O-O 12. Bd3 Rd8 13. O-O Nf8 14. Rfd1 Ng6 15. c3 h6 16. Bf1 Be6 17. Nc5 Rdb8 18. Nxe6 Qxe6 19. Nd2 Rd8 20. Nc4 Qe7 21. Rxd8+ Qxd8 22. g3 Nh7 23. Be2 Ng5 24. h4 Ne6 25. h5 Ngf4 26. gxf4 exf4 27. Qh3 b5 28. axb5 cxb5 29. Ne5 Qd2 30. Nxf7 Kxf7 31. Qf5+ Ke7 32. Bg4 Ng5 33. Rd1 Nh3+ 34. Kh2 Qxf2+ 35. Kh1 1-0

[Event "Speed Chess Super Swiss"]
[Site "chess.com INT"]
[Date "2021.10.16"]
[Round "5"]
[White "Hansen, Eric"]
[Black "Le Tuan Minh"]
[Result "0-1"]
[WhiteElo "2606"]
[BlackElo "2514"]
[PlyCount "70"]
[GameId "2130307582237579"]
[EventDate "2021.10.16"]
[EventType "swiss (blitz)"]
[EventRounds "15"]
[EventCountry "NET"]
[SourceTitle "The Week in Chess 1406"]
[Source "Mark Crowther"]
[SourceDate "2021.10.18"]
[SourceVersion "2"]
[SourceVersionDate "2021.10.19"]
[SourceQuality "2"]

1. Nf3 d5 2. g3 Nd7 3. Bg2 e5 4. d3 Bd6 5. O-O Ngf6 6. c4 dxc4 7. dxc4 O-O 8. Qc2 h6 9. Nc3 c6 10. Rd1 Qc7 11. Nh4 Re8 12. b3 Bf8 13. Bb2 a5 14. h3 Nc5 15. Rac1 e4 16. Bf1 e3 17. f4 Nh5 18. Kg2 Ne6 19. Nf3 Nexf4+ 20. gxf4 Qxf4 21. Rd4 Qg3+ 22. Kh1 Qf2 23. Bg2 Bxh3 24. Rg1 Bf5 25. Qc1 Rad8 26. Qe1 Rxd4 27. Nxd4 Ng3+ 28. Kh2 Bd6 29. Nxf5 Nxf5+ 30. Kh3 Qf4 31. Rh1 g5 32. Bf3 Ng3 33. Kg2 Nxh1 34. Qxh1 Qg3+ 35. Kf1 Qf2# 0-1

[Event "Speed Chess Super Swiss"]
[Site "chess.com INT"]
[Date "2021.10.16"]
[Round "7"]
[White "Hansen, Eric"]
[Black "Della Morte, German"]
[Result "1-0"]
[WhiteElo "2606"]
[BlackElo "2368"]
[PlyCount "89"]
[GameId "2130307582237615"]
[EventDate "2021.10.16"]
[EventType "swiss (blitz)"]
[EventRounds "15"]
[EventCountry "NET"]
[SourceTitle "The Week in Chess 1406"]
[Source "Mark Crowther"]
[SourceDate "2021.10.18"]
[SourceVersion "2"]
[SourceVersionDate "2021.10.19"]
[SourceQuality "2"]

1. Nf3 Nf6 2. g3 d5 3. Bg2 Bf5 4. O-O c6 5. c4 e6 6. Qb3 Qc8 7. d3 Nbd7 8. Be3 Bc5 9. Bxc5 Nxc5 10. Qa3 b6 11. Nd4 Bg6 12. b4 Ncd7 13. b5 c5 14. Nc6 Nb8 15. Ne5 O-O 16. Nc3 Rd8 17. Qb3 Qb7 18. Rad1 a6 19. h3 axb5 20. Qxb5 Ra5 21. Qb3 Nc6 22. Nxc6 Qxc6 23. Rb1 Qa8 24. Qxb6 Nd7 25. Qc7 Ra7 26. Qf4 Ra3 27. Rb3 Qa5 28. Rxa3 Qxa3 29. Qc7 Rf8 30. Nb5 Qxa2 31. Qxd7 dxc4 32. dxc4 Qxc4 33. Bf3 h5 34. Rd1 Rb8 35. Nd6 Qc2 36. Nc8 Kh7 37. Ne7 Rb1 38. Rxb1 Qxb1+ 39. Kg2 Be4 40. Qe8 Bxf3+ 41. exf3 Qd3 42. Qg8+ Kh6 43. Qxf7 c4 44. Ng8+ Kh7 45. Nf6+ 1-0

[Event "Speed Chess Super Swiss"]
[Site "chess.com INT"]
[Date "2021.10.16"]
[Round "11"]
[White "Hansen, Eric"]
[Black "Ozen, Bahadir"]
[Result "0-1"]
[WhiteElo "2606"]
[BlackElo "2369"]
[PlyCount "80"]
[GameId "2130307582241771"]
[EventDate "2021.10.16"]
[EventType "swiss (blitz)"]
[EventRounds "15"]
[EventCountry "NET"]
[SourceTitle "The Week in Chess 1406"]
[Source "Mark Crowther"]
[SourceDate "2021.10.18"]
[SourceVersion "2"]
[SourceVersionDate "2021.10.19"]
[SourceQuality "2"]

1. Nf3 d5 2. g3 c6 3. Bg2 Bg4 4. h3 Bh5 5. O-O Nd7 6. d3 e6 7. c4 Bd6 8. Nbd2 Ne7 9. Rb1 a5 10. b3 O-O 11. a3 e5 12. Bb2 f6 13. Qc2 Rc8 14. e3 Bf7 15. Rfc1 b5 16. Qd1 Bg6 17. Qe2 Nc5 18. Ne1 Ne6 19. Ndf3 Qd7 20. Nh4 Bf7 21. Qd2 Qa7 22. Nhf3 Rfd8 23. cxd5 cxd5 24. Rxc8 Rxc8 25. Rc1 a4 26. Rxc8+ Nxc8 27. bxa4 Qxa4 28. Nc2 Ne7 29. Qc3 h6 30. Nb4 Qd1+ 31. Kh2 Nc5 32. Qd2 Qb1 33. Qe2 Na4 34. Bxe5 fxe5 35. d4 e4 36. Ne5 Qb2 37. Qxb5 Nc3 38. Qd7 Bxe5 39. dxe5 Qxf2 40. Qxe7 Ne2 0-1

[Event "Speed Chess Super Swiss"]
[Site "chess.com INT"]
[Date "2021.10.16"]
[Round "14"]
[White "Hansen, Eric"]
[Black "Mohammad, Nubairshah Shaikh"]
[Result "0-1"]
[WhiteElo "2606"]
[BlackElo "2440"]
[PlyCount "40"]
[GameId "2130307582241805"]
[EventDate "2021.10.16"]
[EventType "swiss (blitz)"]
[EventRounds "15"]
[EventCountry "NET"]
[SourceTitle "The Week in Chess 1406"]
[Source "Mark Crowther"]
[SourceDate "2021.10.18"]
[SourceVersion "2"]
[SourceVersionDate "2021.10.19"]
[SourceQuality "2"]

1. e4 g6 2. d4 c6 3. Nc3 Bg7 4. f4 d5 5. e5 Nh6 6. Be3 f6 7. Qd2 Ng4 8. Nf3 Nxe3 9. Qxe3 O-O 10. g3 Bg4 11. Bg2 Nd7 12. O-O-O fxe5 13. dxe5 e6 14. Rde1 Bxf3 15. Qxf3 Nxe5 16. Qf2 Nc4 17. Qc5 Qb6 18. Na4 Bxb2+ 19. Kb1 Qa6 20. Qb4 Ba3 0-1

[Event "Speed Chess Super Swiss"]
[Site "chess.com INT"]
[Date "2021.10.16"]
[Round "15"]
[White "Nesterov, Arseniy"]
[Black "Hansen, Eric"]
[Result "1-0"]
[WhiteElo "2514"]
[BlackElo "2606"]
[PlyCount "129"]
[GameId "2130307582245919"]
[EventDate "2021.10.16"]
[EventType "swiss (blitz)"]
[EventRounds "15"]
[EventCountry "NET"]
[SourceTitle "The Week in Chess 1406"]
[Source "Mark Crowther"]
[SourceDate "2021.10.18"]
[SourceVersion "2"]
[SourceVersionDate "2021.10.19"]
[SourceQuality "2"]

1. d4 Nf6 2. c4 g6 3. Nc3 d5 4. cxd5 Nxd5 5. e4 Nxc3 6. bxc3 Bg7 7. Qa4+ c6 8. Nf3 O-O 9. Be2 b5 10. Qc2 a5 11. O-O Bg4 12. e5 Nd7 13. Bg5 Nb6 14. h3 Bf5 15. Qd2 Qd7 16. Bh6 f6 17. Bxg7 Kxg7 18. Rfe1 Be4 19. Qe3 Bd5 20. Nd2 Rae8 21. a4 Nxa4 22. c4 Bg8 23. Bg4 Qa7 24. Bf3 Qd7 25. e6 Qd6 26. d5 cxd5 27. cxb5 d4 28. Qa3 Nc3 29. Qxd6 exd6 30. e7 Rf7 31. Rxa5 Rfxe7 32. Rxe7+ Rxe7 33. b6 Kh6 34. b7 Rxb7 35. Bxb7 f5 36. Bf3 Kg5 37. g3 Kf6 38. h4 h6 39. Ra6 Ke5 40. Bg2 g5 41. Nf3+ Kd5 42. Nxg5+ Kc5 43. Nh3 d3 44. Ra1 d2 45. Bf3 Bd5 46. Bxd5 Kxd5 47. Nf4+ Ke4 48. Kg2 d1=Q 49. Rxd1 Nxd1 50. Nh5 Ke5 51. f4+ Ke4 52. Nf6+ Kd3 53. Ng8 Ne3+ 54. Kf3 h5 55. Nf6 Nc4 56. Nxh5 Nd2+ 57. Kg2 d5 58. Kh3 Kc2 59. Ng7 d4 60. Nxf5 d3 61. Ne3+ Kc3 62. Nd5+ Kd4 63. Ne3 Ne4 64. Nd1 Kc4 65. Nb2+ 1-0

[Event "Speed Chess GP3"]
[Site "chess.com INT"]
[Date "2021.10.02"]
[Round "3"]
[White "Hansen, Eric"]
[Black "Bortnyk, Olexandr"]
[Result "0-1"]
[WhiteElo "2606"]
[BlackElo "2604"]
[PlyCount "94"]
[GameId "2130307582722440"]
[EventDate "2021.10.02"]
[EventType "swiss (blitz)"]
[EventRounds "10"]
[EventCountry "NET"]
[SourceTitle "The Week in Chess 1404"]
[Source "Mark Crowther"]
[SourceDate "2021.10.04"]
[SourceVersion "1"]
[SourceVersionDate "2021.10.04"]
[SourceQuality "2"]

1. e4 Nf6 2. e5 Nd5 3. c4 Nb6 4. d4 d6 5. exd6 exd6 6. Bd3 Be7 7. Nf3 Bg4 8. h3 Bh5 9. Nc3 Nc6 10. Be3 O-O 11. g4 Bg6 12. Bxg6 fxg6 13. Qe2 d5 14. c5 Nc4 15. O-O-O b6 16. Nd2 Nxe3 17. fxe3 bxc5 18. dxc5 Bxc5 19. Nb3 Bd6 20. Nxd5 Ne5 21. Kb1 Qh4 22. Nd4 Rab8 23. Rdf1 Rxf1+ 24. Qxf1 h5 25. Nf3 Qg3 26. Nd4 c6 27. Nc3 Qxe3 28. Nb3 Bb4 29. Qc1 Qd3+ 30. Qc2 Bxc3 31. Qxd3 Nxd3 32. bxc3 Nf2 33. Rh2 Ne4 34. Kc2 Rf8 35. Nd4 c5 36. Nc6 a6 37. Kd3 Nd6 38. Ne7+ Kh7 39. Re2 Rf3+ 40. Re3 Rf2 41. Re6 Rf3+ 42. Re3 Rf2 43. Re6 Rf6 44. Re5 c4+ 45. Ke3 hxg4 46. hxg4 Nb5 47. Rc5 Re6+ 0-1

[Event "Speed Chess GP3"]
[Site "chess.com INT"]
[Date "2021.10.02"]
[Round "4"]
[White "Aldokhin, Ivan"]
[Black "Hansen, Eric"]
[Result "1-0"]
[WhiteElo "2413"]
[BlackElo "2606"]
[PlyCount "109"]
[GameId "2130307582722457"]
[EventDate "2021.10.02"]
[EventType "swiss (blitz)"]
[EventRounds "10"]
[EventCountry "NET"]
[SourceTitle "The Week in Chess 1404"]
[Source "Mark Crowther"]
[SourceDate "2021.10.04"]
[SourceVersion "1"]
[SourceVersionDate "2021.10.04"]
[SourceQuality "2"]

1. e4 c5 2. Nf3 e6 3. d4 cxd4 4. Nxd4 a6 5. Nc3 Qc7 6. Bd3 Nf6 7. Qe2 d6 8. Bd2 b5 9. O-O Bb7 10. f4 Nbd7 11. a4 b4 12. Na2 Nc5 13. e5 Nd5 14. f5 dxe5 15. fxe6 f6 16. Qh5+ g6 17. Bxg6+ hxg6 18. Qxh8 exd4 19. Nxb4 Ne4 20. Nxd5 Bxd5 21. Bb4 Qg7 22. Qxf8+ Qxf8 23. Bxf8 Kxf8 24. Rad1 Ke7 25. Rxd4 Kxe6 26. Rfd1 Bc6 27. Rc4 Rc8 28. b4 Nd6 29. Rc5 f5 30. c4 Nb7 31. Re1+ Kf6 32. Rce5 Bxa4 33. h4 Nd8 34. Ra5 Bb3 35. Rxa6+ Kg7 36. Ra7+ Nf7 37. c5 Kf6 38. Ra6+ Kg7 39. Re7 Kf8 40. Rb7 Bc4 41. Rxg6 Rd8 42. Kh2 Rd4 43. c6 Ne5 44. Rf6+ Ke8 45. c7 Ng4+ 46. Kg3 Kd7 47. Rf8 Rd3+ 48. Kf4 Rd4+ 49. Kg5 Kd6 50. c8=Q Ne5 51. Qc7+ Kd5 52. Rd8+ Ke4 53. Rxd4+ Kxd4 54. Qd6+ Ke4 55. Re7 1-0

[Event "Speed Chess GP3"]
[Site "chess.com INT"]
[Date "2021.10.02"]
[Round "5"]
[White "Hansen, Eric"]
[Black "Sreyas, Payyappat"]
[Result "1-0"]
[WhiteElo "2606"]
[BlackElo "2244"]
[PlyCount "79"]
[GameId "2130307582726589"]
[EventDate "2021.10.02"]
[EventType "swiss (blitz)"]
[EventRounds "10"]
[EventCountry "NET"]
[SourceTitle "The Week in Chess 1404"]
[Source "Mark Crowther"]
[SourceDate "2021.10.04"]
[SourceVersion "1"]
[SourceVersionDate "2021.10.04"]
[SourceQuality "2"]

1. Nf3 Nf6 2. d4 e6 3. c3 c5 4. Bf4 Nc6 5. e3 Nh5 6. Bg5 Qb6 7. Qc2 h6 8. Bh4 g5 9. Bg3 Nxg3 10. hxg3 Bg7 11. Nbd2 d5 12. Nb3 cxd4 13. exd4 Bd7 14. O-O-O Rc8 15. Kb1 Nb4 16. Qd2 Nc6 17. Nc5 Na5 18. Bd3 Nc4 19. Bxc4 dxc4 20. Nxd7 Kxd7 21. d5 e5 22. Qc2 Qg6 23. Qxg6 fxg6 24. Nd2 Rhd8 25. Ne4 Ke7 26. Kc2 Rd7 27. b3 cxb3+ 28. axb3 b5 29. g4 Kf7 30. Rh3 Bf8 31. Ra1 Kg7 32. Rd3 h5 33. gxh5 gxh5 34. Nxg5 Kf6 35. Ne4+ Kf5 36. f3 Rcd8 37. Ra6 Be7 38. c4 Rc8 39. Rc3 Bb4 40. Rf6# 1-0

[Event "Speed Chess GP3"]
[Site "chess.com INT"]
[Date "2021.10.02"]
[Round "7"]
[White "Hansen, Eric"]
[Black "Sadovsky, Artem"]
[Result "1-0"]
[WhiteElo "2606"]
[BlackElo "2317"]
[PlyCount "69"]
[GameId "2130307582726646"]
[EventDate "2021.10.02"]
[EventType "swiss (blitz)"]
[EventRounds "10"]
[EventCountry "NET"]
[SourceTitle "The Week in Chess 1404"]
[Source "Mark Crowther"]
[SourceDate "2021.10.04"]
[SourceVersion "1"]
[SourceVersionDate "2021.10.04"]
[SourceQuality "2"]

1. Nf3 g6 2. d4 Bg7 3. e4 d6 4. Bd3 e5 5. dxe5 dxe5 6. O-O f6 7. Qe2 Be6 8. Bc4 Qc8 9. Nc3 Ne7 10. Nb5 Na6 11. b3 O-O 12. Ba3 Rf7 13. Rad1 Bf8 14. Rd2 Nc6 15. Bxf8 Bxc4 16. Qxc4 Qxf8 17. Rfd1 Qc5 18. Qe2 Re8 19. h4 Nab4 20. c4 a6 21. Nc3 Kg7 22. h5 a5 23. a3 Na6 24. Nb5 Rfe7 25. hxg6 hxg6 26. Rd5 Qb6 27. Nh4 Kf7 28. Qg4 Rg8 29. Rd7 Nc5 30. Rxe7+ Kxe7 31. Nf5+ Kf8 32. Nh6 Ne7 33. Rd8+ Kg7 34. Nxg8 Nxg8 35. Qc8 1-0

[Event "Speed Chess GP3"]
[Site "chess.com INT"]
[Date "2021.10.02"]
[Round "10"]
[White "Hansen, Eric"]
[Black "Demidov, Mikhail"]
[Result "1-0"]
[WhiteElo "2606"]
[BlackElo "2551"]
[PlyCount "43"]
[GameId "2130307582730808"]
[EventDate "2021.10.02"]
[EventType "swiss (blitz)"]
[EventRounds "10"]
[EventCountry "NET"]
[SourceTitle "The Week in Chess 1404"]
[Source "Mark Crowther"]
[SourceDate "2021.10.04"]
[SourceVersion "1"]
[SourceVersionDate "2021.10.04"]
[SourceQuality "2"]

1. Nf3 g6 2. d4 Bg7 3. e4 d6 4. c3 Nf6 5. Bd3 Nc6 6. O-O O-O 7. h3 e5 8. Re1 Re8 9. Nbd2 d5 10. exd5 Nxd5 11. Bc4 Nb6 12. Bb3 exd4 13. Rxe8+ Qxe8 14. Ng5 Nd8 15. cxd4 Bxd4 16. Nde4 Bg7 17. Nxf7 Be6 18. Nxd8 Rxd8 19. Bxe6+ Kh8 20. Qb3 a5 21. Ng5 a4 22. Qf3 1-0

[Event "Speed Chess GP2"]
[Site "chess.com INT"]
[Date "2021.09.25"]
[Round "1"]
[White "Hansen, Eric"]
[Black "Khumalo, Keith"]
[Result "1-0"]
[WhiteElo "2606"]
[BlackElo "2108"]
[PlyCount "51"]
[GameId "2130307583058275"]
[EventDate "2021.09.25"]
[EventType "swiss (blitz)"]
[EventRounds "10"]
[EventCountry "NET"]
[SourceTitle "The Week in Chess 1403"]
[Source "Mark Crowther"]
[SourceDate "2021.09.27"]
[SourceVersion "1"]
[SourceVersionDate "2021.09.27"]
[SourceQuality "2"]

1. c4 e6 2. Nf3 d5 3. e3 Nf6 4. b3 b6 5. Bb2 Bb7 6. cxd5 exd5 7. Nc3 a6 8. d4 Bd6 9. Bd3 Nbd7 10. O-O O-O 11. Ne2 Qe7 12. Rc1 Rfe8 13. Qc2 g6 14. Ne5 c5 15. Nxd7 Nxd7 16. dxc5 bxc5 17. Qc3 Be5 18. Qd2 Bd6 19. Nc3 Rac8 20. Rfd1 Qh4 21. g3 Qe7 22. Be2 Nf6 23. Bf3 d4 24. Bxb7 dxc3 25. Qxc3 Rb8 26. Qxf6 1-0

[Event "Speed Chess GP2"]
[Site "chess.com INT"]
[Date "2021.09.25"]
[Round "3"]
[White "Hansen, Eric"]
[Black "Issani, Nameer"]
[Result "1-0"]
[WhiteElo "2606"]
[BlackElo "2070"]
[PlyCount "42"]
[GameId "2130307583062421"]
[EventDate "2021.09.25"]
[EventType "swiss (blitz)"]
[EventRounds "10"]
[EventCountry "NET"]
[SourceTitle "The Week in Chess 1403"]
[Source "Mark Crowther"]
[SourceDate "2021.09.27"]
[SourceVersion "1"]
[SourceVersionDate "2021.09.27"]
[SourceQuality "2"]

1. Nf3 d5 2. d4 Nf6 3. c4 c6 4. e3 g6 5. Nc3 Bg7 6. Bd3 O-O 7. O-O Bg4 8. h3 Bxf3 9. Qxf3 Re8 10. Rd1 dxc4 11. Bxc4 Nbd7 12. e4 e5 13. d5 cxd5 14. Nxd5 Rc8 15. Bb3 Nc5 16. Bg5 Rc6 17. Nxf6+ Qxf6 18. Bxf6 Rxf6 19. Qe3 b6 20. Bd5 h6 21. b4 Na4 1-0

[Event "Speed Chess GP2"]
[Site "chess.com INT"]
[Date "2021.09.25"]
[Round "4"]
[White "Grigorjev, Iljya"]
[Black "Hansen, Eric"]
[Result "1-0"]
[WhiteElo "2399"]
[BlackElo "2606"]
[PlyCount "111"]
[GameId "2130307583062446"]
[EventDate "2021.09.25"]
[EventType "swiss (blitz)"]
[EventRounds "10"]
[EventCountry "NET"]
[SourceTitle "The Week in Chess 1403"]
[Source "Mark Crowther"]
[SourceDate "2021.09.27"]
[SourceVersion "1"]
[SourceVersionDate "2021.09.27"]
[SourceQuality "2"]

1. Nf3 Nf6 2. g3 g6 3. Bg2 Bg7 4. O-O O-O 5. c4 c6 6. d4 d6 7. b3 a5 8. Bb2 a4 9. b4 d5 10. cxd5 cxd5 11. a3 Nbd7 12. Ne5 Nb6 13. Nc3 Bf5 14. Rc1 h6 15. Re1 e6 16. e4 Bxe4 17. f3 Bf5 18. g4 Bxg4 19. fxg4 Ne8 20. Nb5 Nd6 21. Nxd6 Qxd6 22. Qd3 Rfc8 23. Rf1 Rxc1 24. Bxc1 Rf8 25. Bf4 Qe7 26. Qb5 Qd8 27. Rc1 Bxe5 28. Bxe5 Qg5 29. Rf1 Qe3+ 30. Kh1 Nc4 31. Bf4 Qxd4 32. Bxh6 Ne3 33. Bxf8 Nxf1 34. Bc5 Qc3 35. Qxf1 Qxa3 36. Bd4 Qxb4 37. Qf6 Qe1+ 38. Bf1 Qe4+ 39. Kg1 Qxg4+ 40. Kf2 Qf5+ 41. Qxf5 exf5 42. Bc5 Kg7 43. Bb5 Kh6 44. Bxa4 f4 45. Bb3 f5 46. Bxd5 g5 47. Bxb7 Kh5 48. Bc8 Kg6 49. Kf3 Kf6 50. Bd4+ Kg6 51. Be5 Kh5 52. Bxf5 Kh4 53. h3 Kh5 54. Bg4+ Kh4 55. Kf2 f3 56. Bg3# 1-0

[Event "Speed Chess GP2"]
[Site "chess.com INT"]
[Date "2021.09.25"]
[Round "5"]
[White "Hansen, Eric"]
[Black "Aldokhin, Ivan"]
[Result "1-0"]
[WhiteElo "2606"]
[BlackElo "2413"]
[PlyCount "89"]
[GameId "2130307583062481"]
[EventDate "2021.09.25"]
[EventType "swiss (blitz)"]
[EventRounds "10"]
[EventCountry "NET"]
[SourceTitle "The Week in Chess 1403"]
[Source "Mark Crowther"]
[SourceDate "2021.09.27"]
[SourceVersion "1"]
[SourceVersionDate "2021.09.27"]
[SourceQuality "2"]

1. e4 c5 2. Nf3 e6 3. g3 Nf6 4. Qe2 Nc6 5. Bg2 d5 6. exd5 Nxd5 7. O-O Be7 8. Rd1 Nd4 9. Nxd4 cxd4 10. c4 Nc7 11. d3 O-O 12. f4 Rb8 13. Nd2 b5 14. Nf3 f6 15. b3 Bc5 16. Bd2 Qd6 17. Ba5 bxc4 18. bxc4 Bd7 19. Rdb1 Na8 20. Nd2 f5 21. Nb3 Bb4 22. Bxb4 Rxb4 23. Qe5 Qxe5 24. fxe5 Rfb8 25. Bxa8 Rxa8 26. Nxd4 Rab8 27. Rxb4 Rxb4 28. Nb3 Ba4 29. Nc5 Bc6 30. Nb3 Ba8 31. Kf2 g5 32. Ke3 Kg7 33. Kd4 Kg6 34. Kc3 Rb8 35. Nc5 Kf7 36. Rd1 Rc8 37. d4 Rb8 38. d5 exd5 39. cxd5 Rb5 40. Kc4 Ra5 41. e6+ Kf6 42. d6 Rxa2 43. d7 Rc2+ 44. Kb4 Rb2+ 45. Nb3 1-0

[Event "Speed Chess GP2"]
[Site "chess.com INT"]
[Date "2021.09.25"]
[Round "9"]
[White "Leiva, G."]
[Black "Hansen, Eric"]
[Result "1-0"]
[WhiteElo "2391"]
[BlackElo "2606"]
[PlyCount "69"]
[GameId "2130307583066683"]
[EventDate "2021.09.25"]
[EventType "swiss (blitz)"]
[EventRounds "10"]
[EventCountry "NET"]
[SourceTitle "The Week in Chess 1403"]
[Source "Mark Crowther"]
[SourceDate "2021.09.27"]
[SourceVersion "1"]
[SourceVersionDate "2021.09.27"]
[SourceQuality "2"]

1. e4 c5 2. Nf3 e6 3. g3 Nc6 4. Bg2 Nf6 5. d3 e5 6. Nc3 h6 7. O-O d6 8. Nd2 g6 9. f4 exf4 10. gxf4 Bg7 11. Nc4 O-O 12. f5 gxf5 13. Bf4 fxe4 14. Bxd6 Be6 15. Bxf8 Qd4+ 16. Kh1 Rxf8 17. Nxe4 Nxe4 18. Bxe4 b5 19. Bxc6 bxc4 20. dxc4 Bxc4 21. Qxd4 Bxd4 22. Rf4 Rc8 23. Be4 Bxb2 24. Rg1+ Kf8 25. Bb7 Rc7 26. Rxc4 Rxb7 27. Rb1 Rb6 28. Rxc5 Kg7 29. a4 Bd4 30. Rxb6 axb6 31. Rd5 Be3 32. Kg2 Kg6 33. Kf3 Bg1 34. h4 h5 35. Rg5+ 1-0

[Event "Speed Chess GP1"]
[Site "chess.com INT"]
[Date "2021.09.18"]
[Round "2"]
[White "Dobrov, Vladimir"]
[Black "Hansen, Eric"]
[Result "0-1"]
[WhiteElo "2478"]
[BlackElo "2606"]
[PlyCount "112"]
[GameId "2130307583303877"]
[EventDate "2021.09.18"]
[EventType "swiss (blitz)"]
[EventRounds "10"]
[EventCountry "NET"]
[SourceTitle "The Week in Chess 1402"]
[Source "Mark Crowther"]
[SourceDate "2021.09.20"]
[SourceVersion "1"]
[SourceVersionDate "2021.09.20"]
[SourceQuality "2"]

1. Nf3 d5 2. d4 Nf6 3. c4 e6 4. g3 Bb4+ 5. Bd2 Be7 6. Bg2 O-O 7. O-O c6 8. Qc2 Nbd7 9. a4 a5 10. Rc1 Ne4 11. Be1 Bd6 12. e3 f5 13. Nbd2 Qe7 14. Nb3 Bc7 15. Nfd2 Ndf6 16. Nf3 Nd7 17. Rab1 g5 18. Nfd2 g4 19. Nf1 Ndf6 20. cxd5 exd5 21. Nc5 Nxc5 22. Qxc5 Qxc5 23. Rxc5 Be6 24. Nd2 Bd6 25. Rcc1 Ra7 26. Nb3 Rfa8 27. Rc2 f4 28. gxf4 Bf5 29. Rbc1 Bxc2 30. Rxc2 h5 31. Nc1 Ra6 32. Bf1 Rb6 33. Bd3 Kf7 34. Kg2 Bb4 35. Bc3 Bxc3 36. bxc3 Rb1 37. c4 h4 38. h3 gxh3+ 39. Kxh3 Rh8 40. cxd5 Nxd5 41. Rc5 Rb2 42. Ne2 Ke7 43. Rxa5 Rd2 44. Bc4 Nb6 45. Re5+ Kd8 46. Ra5 Kc7 47. Be6 Rxe2 48. Rg5 Rxf2 49. f5 Rf3+ 50. Kh2 Rg3 51. Rxg3 hxg3+ 52. Kxg3 Kd6 53. e4 Nd7 54. Kf4 Rh4+ 55. Ke3 c5 56. e5+ Kc7 0-1

[Event "Speed Chess GP1"]
[Site "chess.com INT"]
[Date "2021.09.18"]
[Round "3"]
[White "Hansen, Eric"]
[Black "Kevlishvili, Robby"]
[Result "1/2-1/2"]
[WhiteElo "2606"]
[BlackElo "2506"]
[PlyCount "113"]
[GameId "2130307583303907"]
[EventDate "2021.09.18"]
[EventType "swiss (blitz)"]
[EventRounds "10"]
[EventCountry "NET"]
[SourceTitle "The Week in Chess 1402"]
[Source "Mark Crowther"]
[SourceDate "2021.09.20"]
[SourceVersion "1"]
[SourceVersionDate "2021.09.20"]
[SourceQuality "2"]

1. Nf3 d5 2. g3 g6 3. Bg2 Bg7 4. O-O e5 5. d3 Ne7 6. c4 Nbc6 7. cxd5 Nxd5 8. Bd2 O-O 9. Nc3 Nxc3 10. Bxc3 Nd4 11. b4 Bg4 12. Bxd4 exd4 13. b5 Qd7 14. a4 a6 15. Qc2 axb5 16. axb5 Rxa1 17. Rxa1 Qxb5 18. Qxc7 Qb2 19. Re1 Qc3 20. Rc1 Rc8 21. Rxc3 dxc3 22. Qxc8+ Bxc8 23. Ne1 Be6 24. Bxb7 Bb3 25. Kf1 c2 26. Nxc2 Bxc2 27. Bd5 Kf8 28. h4 Ke7 29. Kg2 Bd4 30. Kf3 f5 31. e3 Bc3 32. d4 Bd1+ 33. Kg2 Kf6 34. Bg8 h6 35. Bd5 Ba4 36. Kf3 Bd7 37. Kg2 Be8 38. Kf3 Ke7 39. Kg2 Kd6 40. Bc4 Bc6+ 41. Kf1 Bf3 42. Bf7 g5 43. hxg5 hxg5 44. Bc4 Kc6 45. Bd3 Be4 46. Bc4 Kd6 47. Ke2 Bd5 48. Bd3 Ke6 49. Kf1 Kf6 50. Kg1 Be6 51. Kf1 Bd5 52. Kg1 Bd2 53. Kf1 Bc6 54. Kg1 f4 55. gxf4 gxf4 56. exf4 Bxf4 57. Kf1 1/2-1/2